5HLuxD.jpg

KING HENRY VIII SENIOR AND PRIMARY SCHOOL LIBRARY OPAC

Hercules the World's Strongest Man / (Record no. 5684)

000 -LEADER
fixed length control field 01052nam a22002537a 4500
003 - CONTROL NUMBER IDENTIFIER
control field OSt
005 - DATE AND TIME OF LATEST TRANSACTION
control field 20251014141300.0
008 - FIXED-LENGTH DATA ELEMENTS--GENERAL INFORMATION
fixed length control field 251014b ||||| |||| 00| 0 eng d
020 ## - INTERNATIONAL STANDARD BOOK NUMBER
International Standard Book Number 9781474927802
Qualifying information book set
040 ## - CATALOGING SOURCE
Transcribing agency KH8
082 ## - DEWEY DECIMAL CLASSIFICATION NUMBER
Classification number FIC FRI
100 ## - MAIN ENTRY--PERSONAL NAME
Personal name Frith, Alex,
Relator term author.
245 ## - TITLE STATEMENT
Title Hercules the World's Strongest Man /
Statement of responsibility, etc. retold by Alex Frith ; illustrated by Linda Cavallini.
260 ## - PUBLICATION, DISTRIBUTION, ETC.
Place of publication, distribution, etc. England ;
Name of publisher, distributor, etc. Usborne Publishing Ltd ,
Date of publication, distribution, etc. 2011.
300 ## - PHYSICAL DESCRIPTION
Extent 63 pages :
Other physical details colour illustrations ;
Dimensions 20 cm.
490 ## - SERIES STATEMENT
Series statement Usborne Young Reading
Volume/sequential designation series two
520 ## - SUMMARY, ETC.
Summary, etc. Hercules is the perfect hero - strong, fast, brave and very proud. But even he can't stand up to the anger of Hera, queen of the gods. His only hope is to complete twelve titanic tasks, each harder than the last, to prove that he truly is the strongest man in the world.
650 ## - SUBJECT ADDED ENTRY--TOPICAL TERM
Topical term or geographic name entry element Easy reading
Form subdivision fiction
650 ## - SUBJECT ADDED ENTRY--TOPICAL TERM
Topical term or geographic name entry element Story book
Form subdivision fiction
650 ## - SUBJECT ADDED ENTRY--TOPICAL TERM
Topical term or geographic name entry element Young readers
700 ## - ADDED ENTRY--PERSONAL NAME
Personal name Cavallini, Linda,
Relator term illustrator.
830 ## - SERIES ADDED ENTRY--UNIFORM TITLE
Uniform title Usborne Young Reading
942 ## - ADDED ENTRY ELEMENTS (KOHA)
Source of classification or shelving scheme
Koha item type Books - Fiction
Holdings
Withdrawn status Lost status Source of classification or shelving scheme Damaged status Not for loan Collection code Permanent Location Current Location Shelving location Date acquired Full call number Barcode Date last seen Price effective from Koha item type
          Fiction KH8 Senior School Library KH8 Senior School Library Staff Office 2025-10-14 FIC FRI BRKHSL000098 2025-10-14 2025-10-14 Books - Fiction

Powered By KH8 IT Dept